| 000 | 00522nam a2200157 4500 | ||
|---|---|---|---|
| 008 | 161021b xxu||||| |||| 00| 0 eng d | ||
| 022 | _a00116009 | ||
| 082 |
_2July 2013 - December 2013 v.87 n.7-10 _aDPer 792.805 _bD19 |
||
| 245 | _aDance magazine. | ||
| 260 |
_aNew York: _bDance Media, _cJuly 2013 - Dec 2013. |
||
| 300 |
_avarious paging: _bcolor illustrations; _c28 cm. |
||
| 650 | 0 |
_923031 _aDance _vPeriodicals |
|
| 650 | 0 |
_923032 _aBallet _vPeriodicals |
|
| 650 | 0 |
_923033 _aDance magazine _vPeriodicals |
|
| 942 |
_2ddc _cPER |
||
| 999 |
_c7621 _d7621 |
||